|
|
|
|
| LEADER |
00000nab a2200000 ar4500 |
| 001 |
vtls009305491 |
| 003 |
SK-MaSNL |
| 005 |
20260303231052.0 |
| 008 |
080620c2008 xo cr|p|||||||000 b|slo |
| 038 |
|
|
|a PPPK
|
| 040 |
|
|
|a PPPKCL
|b slo
|c PPPK
|e AACR2
|
| 041 |
0 |
|
|a slo
|
| 044 |
|
|
|a xo
|c SK
|
| 080 |
|
|
|a 373/378:7
|x (437.671)
|2 2001
|
| 080 |
|
|
|a 72/76.05-053.2:061.4
|x (437.671)
|2 2001
|
| 245 |
0 |
0 |
|a Sondy do duše cestovateľa
|c [autor] (klm)
|
| 610 |
2 |
7 |
|a Súkromná základná umelecká škola, 29. augusta (Poprad, Slovensko)
|2 pppkcl
|9 1047910
|
| 610 |
2 |
7 |
|a Železničná stanica (Poprad-Tatry, Slovensko)
|2 pppkcl
|9 353454
|
| 611 |
2 |
7 |
|a Naša stanica
|g výstava
|d (2008 :
|c Poprad, Slovensko)
|2 pppkcl
|9 1047912
|
| 650 |
0 |
7 |
|a umelecké školy
|2 pppkcl
|9 29319
|
| 650 |
0 |
7 |
|a výtvarné práce detí a mládeže
|2 pppkcl
|9 68655
|
| 650 |
0 |
7 |
|a Dočasné výstavy
|2 pppkcl
|9 1040881
|
| 651 |
|
7 |
|a Poprad (Slovensko)
|2 pppkcl
|9 20155
|
| 773 |
0 |
|
|t Poprad : noviny občanov mesta
|g Roč. XIX, č. 31 (2008), s. 5
|
| 852 |
|
|
|a PPPK
|b KIS3GCP
|
| 999 |
|
|
|c 2265036
|d 2266966
|